000 01311nam a2200241 a 4500
008 100120s2006 ||||||||||||||||| || u
020 _a1841524174
050 _aHF 5635 Ins
110 _aInstitute of Chartered Accountants in England and Wales
245 1 0 _aACA accounting: study manual. -- 7th ed.
250 _a7th ed.
260 _aGosport:
_bACCA
_c2006
300 _a750p.: ill.
350 _a0.00
500 _aICAEW Professional stage
650 _aACCOUNTING--WALES--EXAMINATIONS, QUESTIONS, ETC.
650 0 _aACCOUNTING--HANDBOOKS, MANUALS, ETC
650 _aACCOUNTING--STUDY AND TEACHING--ENGLAND--PERIODICALS
995 _aSHORT LOAN BOOKS
_D0.00
_e740709
_FCBU-MAIN LIBRARY (Kitwe)
_H1
_I0.00
_jHF 5635 INS
_M3
_UAVAILABLE
_WFeb 22, 2010
_y740709
_ZShort Loan Collection
995 _aMAIN LIBRARY OPEN ACCESS
_D0.00
_e740708
_FCBU-MAIN LIBRARY (Kitwe)
_H1
_I0.00
_jHF 5635 INS
_M2
_UAVAILABLE
_WFeb 22, 2010
_y740708
_ZMain Library Open Access Collection
995 _aMAIN LIBRARY OPEN ACCESS
_D0.00
_e740707
_FCBU-MAIN LIBRARY (Kitwe)
_H1
_I0.00
_jHF 5635 INS
_M1
_UAVAILABLE
_WFeb 22, 2010
_y740707
_ZMain Library Open Access Collection
995 _aANNEX COLLECTION (Main Library)
_D0.00
_e740710
_FCBU-MAIN LIBRARY (Kitwe)
_H1
_I0.00
_jHF 5635 INS
_M4
_UAVAILABLE
_WFeb 22, 2010
_y740710
_ZAnnex Low-Usage Collection
999 _c75552
_d75552